000 00657nam a22002057a 4500
005 20240108110532.0
010 _aENG-138822
020 _c200.00
_a9789354093753
035 _aEN-122354
037 _bDBAD/PUB
082 _a920
_2FIFTH
100 _aMOOKERJEE,K.GIRJA
_960719
245 _aBUILDERS OF MODERN INDIA/
250 _aFIFTH
260 _a Delhi
_b Publications division
_c2022
270 _bDelhi
_aministry of information and broadcasting, government of india soochna bhawan, CGO complex, lodhi road
_e110003
300 _a146p.
_c22 cm(pbk)
710 _aRoma Chatterjee
_eEditor
_959600
942 _2ddc
_cEN
_h920
_mMOO
999 _c200008
_d200008